Facials op 'n vliegtuig (Record no. 418354)

MARC details
000 -LEADER
fixed length control field 00268nam a2200097Ia 4500
082 ## - DEWEY DECIMAL CLASSIFICATION NUMBER
Classification number AF KEMP
008 - FIXED-LENGTH DATA ELEMENTS--GENERAL INFORMATION
fixed length control field 210817s9999 xx 000 0 und d
100 ## - MAIN ENTRY--PERSONAL NAME
Personal name KEMP, Regina Kaapstad, 2003 1ste uitg
9 (RLIN) 98504
245 #0 - TITLE STATEMENT
Title Facials op 'n vliegtuig
942 ## - ADDED ENTRY ELEMENTS
item type Books

No items available.